Vnitřní kontrolní systém v procesu řízení společnosti

Manažéri kladú dôraz na využívanie informácií - dôležité nástroje rozhodovacieho procesu. Vnútorný kontrolný systém spoločnosti je nástrojom riadenia a zdrojom informácií. Vnútorný kontrolný systém je integráciou piatich súvisiacich zložiek: prostredie, riziko, kontrolná činnosť, informácie a komuni...

ver descrição completa

Na minha lista:
Detalhes bibliográficos
Autor principal: Lelková, Hana
Formato: Capítulo de Livro
Idioma:tcheco
Assuntos:
Tags: Adicionar Tag
Sem tags, seja o primeiro a adicionar uma tag!

MARC

LEADER 00000naa a2200000 4500
001 r034657
005 20230929094246.1
041 0 |a cze 
044 |a CZ 
245 1 0 |a Vnitřní kontrolní systém v procesu řízení společnosti  |c Hana Lelková 
520 |a Manažéri kladú dôraz na využívanie informácií - dôležité nástroje rozhodovacieho procesu. Vnútorný kontrolný systém spoločnosti je nástrojom riadenia a zdrojom informácií. Vnútorný kontrolný systém je integráciou piatich súvisiacich zložiek: prostredie, riziko, kontrolná činnosť, informácie a komunikácia, priebežné sledovanie. 
610 2 0 |a kontrola vnútropodniková 
610 2 0 |a riadenie podnikové 
610 2 0 |a informácie 
610 2 0 |a informácie vnútropodnikové 
610 2 0 |a metódy riadenia 
100 1 |a Lelková, Hana